Logo CIB grande

FISIOLOGIA Y MANIPULACION DE FRUTAS Y HORTALIZAS POST-RECOLECCION (Registro nro. 220653)

Detalles MARC
000 -LEADER
campo de control de longitud fija 00870nam a2200289Ia 4500
005 - FECHA Y HORA DE LA ÚLTIMA TRANSACCIÓN
campo de control 20250425162020.0
008 - DATOS DE LONGITUD FIJA--INFORMACIÓN GENERAL
campo de control de longitud fija 250425s9999 xx 000 0 und d
020 ## - NÚMERO INTERNACIONAL ESTÁNDAR DEL LIBRO
Número Internacional Estándar del Libro 8420005509
041 ## - CÓDIGO DE IDIOMA
Código de lengua del texto/banda sonora o título independiente spa
082 ## - NÚMERO DE LA CLASIFICACIÓN DECIMAL DEWEY
Número de clasificación 635.045
010 ## - NÚMERO DE CONTROL DE LA BIBLIOTECA DEL CONGRESO
Número de control de LC 40614
100 ## - ENTRADA PRINCIPAL--NOMBRE DE PERSONA
Nombre de persona WILLS, B.A.
245 #0 - MENCIÓN DEL TÍTULO
Título FISIOLOGIA Y MANIPULACION DE FRUTAS Y HORTALIZAS POST-RECOLECCION
250 ## - MENCION DE EDICION
Mención de edición 1A ED.
260 ## - PUBLICACIÓN, DISTRIBUCIÓN, ETC.
Lugar de publicación, distribución, etc. España
Nombre del editor, distribuidor, etc. ACRIBIA
Fecha de publicación, distribución, etc. 1984
260 ## - PUBLICACIÓN, DISTRIBUCIÓN, ETC.
Lugar de publicación, distribución, etc. ZARAGOZA
300 ## - DESCRIPCIÓN FÍSICA
Extensión 195
500 ## - NOTA GENERAL
Nota general Consultar D-24177 en BIBTEC.EN CIBGZ-FIMCP D-30792/793 C.2 PARA ING- DE ALIMENTOS.- MHP.
500 ## - NOTA GENERAL
Nota general Título Traducido: POSTHARVEST, AN INTRODUCTION TO THE PHYSIOLOGY AND HANDLING OF FRUIT AND VEGETABLES
650 ## - PUNTO DE ACCESO ADICIONAL DE MATERIA--TÉRMINO DE MATERIA
Término de materia o nombre geográfico como elemento de entrada ALMACENAMIENTO
650 ## - PUNTO DE ACCESO ADICIONAL DE MATERIA--TÉRMINO DE MATERIA
Término de materia o nombre geográfico como elemento de entrada FISIOLOGIA VEGETAL
650 ## - PUNTO DE ACCESO ADICIONAL DE MATERIA--TÉRMINO DE MATERIA
Término de materia o nombre geográfico como elemento de entrada FRUTAS
650 ## - PUNTO DE ACCESO ADICIONAL DE MATERIA--TÉRMINO DE MATERIA
Término de materia o nombre geográfico como elemento de entrada HORTALIZAS
700 ## - ENTRADA AGREGADA--NOMBRE PERSONAL
Nombre de persona LEE, T. H.
700 ## - ENTRADA AGREGADA--NOMBRE PERSONAL
Nombre de persona MCGLASSON, W. B.
942 ## - ELEMENTOS DE ENTRADA SECUNDARIOS (KOHA)
Tipo de ítem Koha Libros
Existencias
Estatus retirado Estado de pérdida Estado de daño No para préstamo Biblioteca de origen Biblioteca actual Fecha de adquisición Coste, precio normal de compra Total de préstamos Código de barras Copia número Tipo de ítem Koha
        CENTRO DE INFORMACIÓN BIBLIOTECARIA CENTRO DE INFORMACIÓN BIBLIOTECARIA 24/09/2004 1.00   D-24177 1 Libros

Copyright 2025 ESPOL. Todos los derechos reservados.